00341nam a2200109Ia 4500008004000000082001700040100002300057245007600080260005000156300001300206650001200219210210b1987 xxu||||| |||| 00| 0 eng d a362.293 OTOD aO'TOOLE (Michael). aDrugs and youth in India. guide for teachers, parents and youthworkers. aGoa.bOm Yesu Niketan Society Vagator.,c1987 aviii,175 aDrugs